000 00758nam a22001337a 4500
040 _cRUA
082 _aAGR SAO 2013 BO55 Or.1
100 _aSAO, KIM MEAT
245 _aComparison of irrigation system on tomato yields in crop station at royal university of agriculture ការប្រៀបធៀបប្រព័ន្ធស្រោចស្រពទៅលើទិន្នផលប៉េងប៉ោះក្នុងស្ថានីួ៍ពិសោធន៍ដំណាំ នៃសាកលវិទ្យាល័យភូមិន្ធកសិកម្ម.
260 _aphnom phen
_bRUA
_c2013
300 _aX,41p.
_bill.
_c29cm.
856 _uhttps://drive.google.com/file/d/1VWqr5OQH8zjxwvrl8SJTvwOAgs5o5t4O/view?usp=sharing
942 _cAGR
999 _c1247
_d1247